Dobré výsledky, jasné pespektívy Hovoríme so šéfedaktoom OPUSu Pavlom Baginm

Bibliographic Details
Main Authors: Bagin, Pavol, 1933-2013 (Author), Karša, A. (Author), Karšay, A. (Author)
Format: Article
Language:Slovak
Subjects:

MARC

LEADER 00000nab a2200000 a 4500
001 vtls000283777
003 SK-MaSNL
005 20260302220028.0
008 111201c1987 xo 0 slo
015 |a SNBRB19rr/mm-uuuuu 
035 |a CL0293895 
040 |a SNKBUCL  |b slo  |c SNKBUCL  |e AACR2 
041 0 |a slo 
044 |a xo  |c SK 
080 |a 655.413(437.6):78  |2 1981 
080 |a 78  |2 1981 
100 1 |a Bagin, Pavol,  |d 1933-2013  |4 aut  |9 183206 
245 1 0 |a Dobré výsledky, jasné pespektívy  |b Hovoríme so šéfedaktoom OPUSu Pavlom Baginm  |c Pavol Bagin, A. Karša ; A. Karšay 
650 0 7 |a PUS, n.p., Bratislava  |2 snkbucl  |9 945291 
651 7 |a 5100  |2 snkbucl  |9 166206 
655 7 |a články z novín a časopisov  |2 snkbucl  |9 267496 
700 1 |a Karša, A.  |4 aut  |9 945292 
700 1 |a Karšay, A.  |4 aut  |9 271721 
773 0 |t Ľud  |g Roč. 40, č. 140 (18. 6. 1987), s. 5 
850 |a Slovenská národná knižnica v Martine  |a MTA001 
852 |a SNK  |b KIS3GCP 
958 |a RK 
992 |a RBX 
999 |c 1505055  |d 1506985